Влияние фосфатов натрия на селективность разделения медно-молибденовых концентратов; Обогащение руд цветных металлов и золота

Detalhes bibliográficos
Parent link:Обогащение руд цветных металлов и золота.— 1974.— С. 30-35
Autor principal: Боровикова Л. Г.
Outros Autores: Брянцев В. И., Федоровских Р. Ф.
Idioma:russo
Publicado em: 1974
Formato: Capítulo de Livro
KOHA link:https://koha.lib.tpu.ru/cgi-bin/koha/opac-detail.pl?biblionumber=218560

MARC

LEADER 00000naa2a2200000 4500
001 218560
005 20231031194923.0
035 |a (RuTPU)RU\TPU\book\238590 
035 |a RU\TPU\book\238588 
090 |a 218560 
100 |a 20120622d1974 k y0rusy50 ca 
101 0 |a rus 
102 |a UZ 
200 1 |a Влияние фосфатов натрия на селективность разделения медно-молибденовых концентратов  |f Л. Г. Боровикова, В. И. Брянцев, Р. Ф. Федоровских 
320 |a Библиогр.: с. 35 (1 назв.) 
463 0 |0 (RuTPU)RU\TPU\book\238542  |t Обогащение руд цветных металлов и золота  |o сборник научных трудов  |f Среднеазиатский научно-исследовательский и проектный институт цветной металлургии  |v С. 30-35  |d 1974  |p 147 с.  |s Научные труды ; № 10 
700 1 |a Боровикова  |b Л. Г. 
701 1 |a Брянцев  |b В. И. 
701 1 |a Федоровских  |b Р. Ф. 
801 1 |a RU  |b 63413507  |c 20120622 
801 2 |a RU  |b 63413507  |c 20120622  |g RCR 
942 |c BK